[Event "Montcalm op"]
[Site "Quebec CAN"]
[Date "2017.01.06"]
[Round "1"]
[White "Dube, Daniel"]
[Black "Lessard, Claude"]
[Result "1/2-1/2"]
[WhiteElo "1782"]
[BlackElo "2229"]
[WhiteFideId "-1"]
[WhiteFideId "-1"]
[PlyCount "86"]
[GameId "2160767908475001"]
[EventDate "2017.01.06"]
[EventType "swiss"]
[EventRounds "5"]
[EventCountry "CAN"]
[SourceTitle "EXT 2022"]
[Source "ChessBase"]
[SourceDate "2021.10.06"]
[SourceVersion "1"]
[SourceVersionDate "2021.10.06"]
[SourceQuality "1"]

1. e4 c5 2. Nf3 d6 3. d4 cxd4 4. Nxd4 Nf6 5. Nc3 g6 6. Be2 Bg7 7. O-O Nc6 8. Nb3 O-O 9. Re1 Be6 10. Bf1 a5 11. a4 Rc8 12. Nd5 Ne5 13. Bg5 Bxd5 14. exd5 h6 15. Bxf6 Bxf6 16. Qd2 b6 17. c3 Nc4 18. Bxc4 Rxc4 19. Qxh6 Rh4 20. Qe3 Kg7 21. g3 Rh5 22. Rad1 Rfh8 23. h4 Qd7 24. Rd4 g5 25. Re4 gxh4 26. g4 Rxd5 27. Qxb6 Rd3 28. Qb5 Qxb5 29. axb5 Rb8 30. Nxa5 Rxb5 31. Nc6 Rxb2 32. Nxe7 Bxe7 33. Rxe7 Rxc3 34. R1e2 Rb5 35. Rd7 Rb4 36. Rxd6 Rxg4+ 37. Kh2 h3 38. Re3 Rxe3 39. fxe3 Rh4 40. Rd1 Kf6 41. Rf1+ Ke6 42. Rf3 f5 43. Rxh3 Rb4 1/2-1/2

[Event "Montcalm op"]
[Site "Quebec CAN"]
[Date "2017.01.06"]
[Round "1"]
[White "Larkin, Kevin"]
[Black "Chouinard, Marc"]
[Result "1-0"]
[WhiteElo "1838"]
[BlackElo "1610"]
[WhiteFideId "-1"]
[WhiteFideId "-1"]
[PlyCount "93"]
[GameId "2160767908475002"]
[EventDate "2017.01.06"]
[EventType "swiss"]
[EventRounds "5"]
[EventCountry "CAN"]
[SourceTitle "EXT 2022"]
[Source "ChessBase"]
[SourceDate "2021.10.06"]
[SourceVersion "1"]
[SourceVersionDate "2021.10.06"]
[SourceQuality "1"]

1. e4 e5 2. Nf3 d6 3. d4 exd4 4. Nxd4 Nf6 5. Nc3 Be7 6. Bc4 O-O 7. O-O c5 8. Nf5 Re8 9. Nxe7+ Qxe7 10. Bg5 Be6 11. Nd5 Bxd5 12. Bxd5 Nc6 13. c3 h6 14. Bh4 g5 15. Bg3 Nxd5 16. Qxd5 Qxe4 17. Qxd6 Qf5 18. Qxh6 Re6 19. Qh5 Rae8 20. f4 Re2 21. fxg5 Qd5 22. Rf3 Ne5 23. Rf2 Rxf2 24. Bxf2 Ng6 25. h4 Qd2 26. Rd1 Qxb2 27. Bxc5 Qxa2 28. Bf2 a5 29. Qf3 Qc4 30. h5 Nf4 31. Bd4 Ne2+ 32. Kh1 Nxd4 33. Rxd4 Qc7 34. Rd1 Qe5 35. Rf1 Qe7 36. Qd5 Rf8 37. Qxa5 Qe2 38. Qf5 Qxh5+ 39. Kg1 Qe2 40. g6 Qe3+ 41. Rf2 f6 42. Qh5 Qe1+ 43. Rf1 Qe3+ 44. Kh1 Qe7 45. Rd1 Rc8 46. Rd5 Rxc3 47. Rd8+ 1-0

[Event "Montcalm op"]
[Site "Quebec CAN"]
[Date "2017.01.06"]
[Round "1"]
[White "Potvin, Alain-Nicolas"]
[Black "Berube, Antoine"]
[Result "0-1"]
[WhiteElo "1770"]
[BlackElo "2153"]
[WhiteFideId "-1"]
[WhiteFideId "-1"]
[PlyCount "102"]
[GameId "2160767908475003"]
[EventDate "2017.01.06"]
[EventType "swiss"]
[EventRounds "5"]
[EventCountry "CAN"]
[SourceTitle "EXT 2022"]
[Source "ChessBase"]
[SourceDate "2021.10.06"]
[SourceVersion "1"]
[SourceVersionDate "2021.10.06"]
[SourceQuality "1"]

1. d4 d5 2. Nf3 Nf6 3. e3 Bf5 4. c4 c6 5. cxd5 cxd5 6. Nc3 Nc6 7. Qb3 Rb8 8. Ne5 e6 9. Bb5 Nd7 10. Nxd7 Qxd7 11. Bd2 Bd6 12. Rc1 O-O 13. O-O a6 14. Be2 b5 15. f4 Na5 16. Qd1 Nc4 17. Bxc4 bxc4 18. Qa4 Qxa4 19. Nxa4 Rb5 20. Rf2 Rfb8 21. Bc3 h6 22. h3 h5 23. a3 f6 24. Kh2 Kf7 25. Rg1 Rh8 26. g3 g5 27. fxg5 h4 28. Rf4 hxg3+ 29. Rxg3 fxg5 30. Rff3 Rxh3+ 31. Kg2 Rxg3+ 32. Rxg3 Bxg3 33. Kxg3 Rb8 34. Nc5 Ra8 35. a4 a5 36. Nb7 Bc2 37. Nc5 Ra7 38. Kg4 Kf6 39. e4 Bxe4 40. Nxe4+ dxe4 41. d5+ e5 42. Bd2 Rd7 43. Bxg5+ Kg6 44. Bd2 Rxd5 45. Bc3 Kf6 46. Be1 Rd1 47. Bxa5 Rg1+ 48. Kh3 Ra1 49. Bc3 Rxa4 50. Kg3 Kf5 51. Kf2 Ra7 0-1

[Event "Montcalm op"]
[Site "Quebec CAN"]
[Date "2017.01.06"]
[Round "1"]
[White "Tremblay, Charles"]
[Black "Doyon, Stephane"]
[Result "1-0"]
[WhiteElo "1663"]
[BlackElo "1934"]
[WhiteFideId "-1"]
[WhiteFideId "-1"]
[PlyCount "59"]
[GameId "2160767908475005"]
[EventDate "2017.01.06"]
[EventType "swiss"]
[EventRounds "5"]
[EventCountry "CAN"]
[SourceTitle "EXT 2022"]
[Source "ChessBase"]
[SourceDate "2021.10.06"]
[SourceVersion "1"]
[SourceVersionDate "2021.10.06"]
[SourceQuality "1"]

1. c4 c6 2. Nc3 d5 3. d4 Nf6 4. Nf3 e6 5. e3 Nbd7 6. Bd3 dxc4 7. Bxc4 b5 8. Bd3 Bb7 9. O-O a6 10. b3 c5 11. Bb2 Be7 12. Qe2 O-O 13. Rad1 Qc7 14. Ba1 Rfd8 15. Rc1 Rac8 16. Ng5 Qb6 17. Nge4 cxd4 18. exd4 Nxe4 19. Nxe4 Bxe4 20. Bxe4 Nf6 21. Rxc8 Rxc8 22. Bf3 Bb4 23. Qd3 Qa5 24. Qe2 Bd2 25. d5 exd5 26. Bxd5 Re8 27. Qf3 Nxd5 28. Qxd5 Bc3 29. Qc6 Rd8 30. Qxc3 1-0

[Event "Montcalm op"]
[Site "Quebec CAN"]
[Date "2017.01.06"]
[Round "2"]
[White "Berube, Antoine"]
[Black "Larkin, Kevin"]
[Result "1-0"]
[WhiteElo "2153"]
[BlackElo "1838"]
[WhiteFideId "-1"]
[WhiteFideId "-1"]
[PlyCount "115"]
[GameId "2160767908475006"]
[EventDate "2017.01.06"]
[EventType "swiss"]
[EventRounds "5"]
[EventCountry "CAN"]
[SourceTitle "EXT 2022"]
[Source "ChessBase"]
[SourceDate "2021.10.06"]
[SourceVersion "1"]
[SourceVersionDate "2021.10.06"]
[SourceQuality "1"]

1. c4 Nf6 2. Nc3 e5 3. g3 Bc5 4. Bg2 O-O 5. e3 Nc6 6. a3 a5 7. Nge2 Re8 8. O-O d6 9. d4 exd4 10. exd4 Bb6 11. h3 h6 12. Kh2 Ne7 13. b3 d5 14. c5 Ba7 15. b4 c6 16. b5 cxb5 17. Nxb5 Bb8 18. Bf4 Nf5 19. Bxb8 Rxb8 20. Nec3 Bd7 21. a4 h5 22. Qd3 g6 23. Rae1 Bc6 24. Qd2 Rxe1 25. Rxe1 Qd7 26. Qg5 Nh7 27. Qf4 Rd8 28. Re5 Kg7 29. h4 f6 30. Re2 g5 31. hxg5 Nxg5 32. Kg1 Kg6 33. Qd2 Rh8 34. Qd3 Re8 35. Rxe8 Qxe8 36. Qxf5+ Kxf5 37. Nd6+ Kg4 38. Nxe8 Bxe8 39. Nxd5 Kf5 40. Ne3+ Ke6 41. f4 Nf7 42. Bh3+ Ke7 43. Nd5+ Kd8 44. Nb6 Nh6 45. Kf2 f5 46. Bg2 Ng4+ 47. Ke2 Kc7 48. d5 Nf6 49. Kd3 Nd7 50. d6+ Kb8 51. Nxd7+ Bxd7 52. Bh3 b6 53. Kd4 Ka7 54. Bg2 bxc5+ 55. Kxc5 Kb8 56. Bc6 Kc8 57. Bxd7+ Kxd7 58. Kd5 1-0

[Event "Montcalm op"]
[Site "Quebec CAN"]
[Date "2017.01.06"]
[Round "2"]
[White "Doyon, Stephane"]
[Black "Dube, Daniel"]
[Result "0-1"]
[WhiteElo "1934"]
[BlackElo "1782"]
[WhiteFideId "-1"]
[WhiteFideId "-1"]
[PlyCount "98"]
[GameId "2160767908475008"]
[EventDate "2017.01.06"]
[EventType "swiss"]
[EventRounds "5"]
[EventCountry "CAN"]
[SourceTitle "EXT 2022"]
[Source "ChessBase"]
[SourceDate "2021.10.06"]
[SourceVersion "1"]
[SourceVersionDate "2021.10.06"]
[SourceQuality "1"]

1. e4 e6 2. d4 d5 3. Nd2 Be7 4. e5 c5 5. c3 Nc6 6. Qg4 Kf8 7. Bb5 cxd4 8. cxd4 h5 9. Qd1 Nxd4 10. Bd3 g5 11. b3 f6 12. exf6 Bxf6 13. Ba3+ Kg7 14. Bb2 Ne7 15. Bxd4 Bxd4 16. Ngf3 Bf6 17. h4 g4 18. Ng5 e5 19. Rc1 Nc6 20. O-O Bxg5 21. hxg5 Qxg5 22. Bb5 Bd7 23. Rc5 Rad8 24. Rxd5 Be6 25. Ne4 Rxd5 26. Nxg5 Rxd1 27. Nxe6+ Kf6 28. Rxd1 Kxe6 29. Bc4+ Ke7 30. Kh2 Nd4 31. Bd5 b6 32. Rc1 Kd6 33. Be4 Rf8 34. f3 gxf3 35. gxf3 Nxf3+ 36. Kg3 Nd4 37. Rh1 Rf4 38. Bb7 Ne2+ 39. Kg2 h4 40. Rd1+ Rd4 41. Rf1 Nf4+ 42. Kf3 Rd2 43. Rf2 Rxf2+ 44. Kxf2 h3 45. Bf3 Kc5 46. Ke3 Nd5+ 47. Ke4 Nc3+ 48. Kxe5 Nxa2 49. Kf4 Nc1 0-1

[Event "Montcalm op"]
[Site "Quebec CAN"]
[Date "2017.01.06"]
[Round "2"]
[White "Gingras, Philippe"]
[Black "Chevalier, Francois"]
[Result "1/2-1/2"]
[WhiteElo "1782"]
[BlackElo "1754"]
[WhiteFideId "-1"]
[WhiteFideId "-1"]
[PlyCount "95"]
[GameId "2160767908475009"]
[EventDate "2017.01.06"]
[EventType "swiss"]
[EventRounds "5"]
[EventCountry "CAN"]
[SourceTitle "EXT 2022"]
[Source "ChessBase"]
[SourceDate "2021.10.06"]
[SourceVersion "1"]
[SourceVersionDate "2021.10.06"]
[SourceQuality "1"]

1. d4 Nf6 2. Bg5 d5 3. Bxf6 exf6 4. c4 c6 5. e3 Be6 6. cxd5 Qxd5 7. Nc3 Bb4 8. Nf3 Nd7 9. Be2 f5 10. O-O Qa5 11. Qc2 O-O 12. a3 Bd6 13. b4 Qd8 14. Na4 Rc8 15. Nc5 Nxc5 16. dxc5 Bb8 17. g3 Qe7 18. Nd4 g6 19. Bf3 Rfd8 20. Rfd1 Bd5 21. Bxd5 Rxd5 22. Ne2 Rcd8 23. Nc3 Rxd1+ 24. Rxd1 Be5 25. Rd3 h5 26. h4 Qf6 27. Ne2 Kf8 28. Qc4 Ke8 29. Kg2 Qe7 30. a4 a6 31. Nd4 Rd5 32. Nb3 Rxd3 33. Qxd3 Bc7 34. Kf3 Qe6 35. b5 cxb5 36. axb5 axb5 37. Qxb5+ Qc6+ 38. Qxc6+ bxc6 39. e4 fxe4+ 40. Kxe4 Kd7 41. Nd4 f5+ 42. Kd3 f4 43. gxf4 Bxf4 44. Ke4 Bc7 45. f4 Bd8 46. Nf3 Ke6 47. Nd4+ Ke7 48. Nf3 1/2-1/2

[Event "Montcalm op"]
[Site "Quebec CAN"]
[Date "2017.01.06"]
[Round "2"]
[White "Lessard, Claude"]
[Black "Vadnais, Michel"]
[Result "1/2-1/2"]
[WhiteElo "2229"]
[BlackElo "1706"]
[WhiteFideId "-1"]
[WhiteFideId "-1"]
[PlyCount "43"]
[GameId "2160767908475010"]
[EventDate "2017.01.06"]
[EventType "swiss"]
[EventRounds "5"]
[EventCountry "CAN"]
[SourceTitle "EXT 2022"]
[Source "ChessBase"]
[SourceDate "2021.10.06"]
[SourceVersion "1"]
[SourceVersionDate "2021.10.06"]
[SourceQuality "1"]

1. d4 d5 2. e4 dxe4 3. f3 exf3 4. Nxf3 e6 5. Bd3 Nf6 6. O-O c5 7. c3 Nc6 8. Qe2 cxd4 9. cxd4 Nxd4 10. Nxd4 Qxd4+ 11. Be3 Qe5 12. Nd2 Bc5 13. Bxc5 Qxc5+ 14. Kh1 O-O 15. Rac1 Qe7 16. Nc4 b6 17. Rxf6 gxf6 18. Qe4 f5 19. Qf4 Rd8 20. Ne5 Bb7 21. Rc7 Qxc7 22. Qg5+ 1/2-1/2

[Event "Montcalm op"]
[Site "Quebec CAN"]
[Date "2017.01.06"]
[Round "2"]
[White "Picard, Christian"]
[Black "Forget, Luc"]
[Result "0-1"]
[WhiteElo "1668"]
[BlackElo "2011"]
[WhiteFideId "-1"]
[WhiteFideId "-1"]
[PlyCount "87"]
[GameId "2160767908475012"]
[EventDate "2017.01.06"]
[EventType "swiss"]
[EventRounds "5"]
[EventCountry "CAN"]
[SourceTitle "EXT 2022"]
[Source "ChessBase"]
[SourceDate "2021.10.06"]
[SourceVersion "1"]
[SourceVersionDate "2021.10.06"]
[SourceQuality "1"]

1. e4 e5 2. Nf3 Nc6 3. Bb5 a6 4. Ba4 Nf6 5. O-O Be7 6. d3 b5 7. Bb3 O-O 8. Nc3 d6 9. a3 Bg4 10. Be3 Na5 11. Ba2 c5 12. Nd5 Nc6 13. Nxe7+ Qxe7 14. h3 Be6 15. Bb1 h6 16. c3 Rac8 17. d4 cxd4 18. cxd4 Na5 19. d5 Bd7 20. Nd2 Nc4 21. Nxc4 Rxc4 22. f3 Nh5 23. Qe1 Nf4 24. Bxf4 exf4 25. Qf2 Qe5 26. Ba2 Rc5 27. Rfc1 Rfc8 28. Rxc5 Rxc5 29. Qd2 g5 30. Rc1 Rxc1+ 31. Qxc1 Qd4+ 32. Kh2 Qf2 33. Bb1 Bxh3 34. Qg1 Qxg1+ 35. Kxg1 Bd7 36. Kf2 Kg7 37. Ke2 Kf6 38. Kd3 Ke5 39. b4 f5 40. Bc2 fxe4+ 41. fxe4 g4 42. Bd1 h5 43. Be2 Be8 44. Bd1 0-1

[Event "Montcalm op"]
[Site "Quebec CAN"]
[Date "2017.01.06"]
[Round "2"]
[White "Tremblay, Charles"]
[Black "Auger, Bertrand"]
[Result "0-1"]
[WhiteElo "1663"]
[BlackElo "2019"]
[WhiteFideId "-1"]
[WhiteFideId "-1"]
[PlyCount "54"]
[GameId "2160767908475013"]
[EventDate "2017.01.06"]
[EventType "swiss"]
[EventRounds "5"]
[EventCountry "CAN"]
[SourceTitle "EXT 2022"]
[Source "ChessBase"]
[SourceDate "2021.10.06"]
[SourceVersion "1"]
[SourceVersionDate "2021.10.06"]
[SourceQuality "1"]

1. c4 c5 2. Nc3 Nc6 3. Nf3 Nf6 4. g3 g6 5. Bg2 Bg7 6. O-O d5 7. cxd5 Nxd5 8. Rb1 O-O 9. Nxd5 Qxd5 10. b3 Qd7 11. d3 e5 12. Nd2 b6 13. Bb2 Bb7 14. Ne4 Rad8 15. Qd2 f5 16. Nc3 e4 17. Rfd1 Ne5 18. Qc1 exd3 19. e4 fxe4 20. Nxe4 Nf3+ 21. Bxf3 Rxf3 22. Qc4+ Bd5 23. Rxd3 Bxc4 24. Rxd7 Rxd7 25. Bxg7 Bd3 26. Rd1 Kxg7 27. Ng5 Rf6 0-1

[Event "Montcalm op"]
[Site "Quebec CAN"]
[Date "2017.01.07"]
[Round "2"]
[White "Garcia-Casillas, Carlos"]
[Black "Cummins, Paul"]
[Result "1/2-1/2"]
[WhiteElo "1808"]
[BlackElo "1758"]
[WhiteFideId "-1"]
[WhiteFideId "-1"]
[PlyCount "104"]
[GameId "2160767908475014"]
[EventDate "2017.01.06"]
[EventType "swiss"]
[EventRounds "5"]
[EventCountry "CAN"]
[SourceTitle "EXT 2022"]
[Source "ChessBase"]
[SourceDate "2021.10.06"]
[SourceVersion "1"]
[SourceVersionDate "2021.10.06"]
[SourceQuality "1"]

1. e4 e5 2. Nf3 Nc6 3. Bb5 a6 4. Ba4 Nf6 5. d3 d6 6. c3 Be7 7. O-O O-O 8. Re1 b5 9. Bb3 Na5 10. Bc2 c5 11. Nbd2 Qc7 12. Nf1 Bb7 13. Ng3 Nd7 14. Nf5 Bf6 15. h3 Rfe8 16. Nh2 d5 17. Qf3 dxe4 18. dxe4 Nc4 19. Ng4 Re6 20. Nxf6+ Nxf6 21. Qg3 Ne8 22. a4 Ncd6 23. axb5 axb5 24. Rxa8 Bxa8 25. Qg5 Nxf5 26. exf5 f6 27. Qg4 Re7 28. Be3 Nd6 29. Ra1 Bb7 30. Bb3+ c4 31. Bc2 Rd7 32. Ra7 Nc8 33. Ra3 Qd6 34. b4 Qc6 35. Ra5 Nb6 36. Bxb6 Qxb6 37. Be4 Rd8 38. Qf3 Bxe4 39. Qxe4 h6 40. Ra8 Rxa8 41. Qxa8+ Kh7 42. Qd5 Qa6 43. Qd2 Qa1+ 44. Kh2 Qf1 45. Kg3 Qb1 46. Kg4 Qe4+ 47. f4 exf4 48. Qxf4 Qxg2+ 49. Kh4 Qe2 50. Qg4 Qe5 51. Kh5 Qe3 52. Kh4 Qe1+ 1/2-1/2

[Event "Montcalm op"]
[Site "Quebec CAN"]
[Date "2017.01.07"]
[Round "2"]
[White "Sarra-Bournet, Marc"]
[Black "Dorion, Francois"]
[Result "1-0"]
[WhiteElo "1853"]
[BlackElo "1559"]
[WhiteFideId "-1"]
[WhiteFideId "-1"]
[PlyCount "35"]
[GameId "2160767908475015"]
[EventDate "2017.01.06"]
[EventType "swiss"]
[EventRounds "5"]
[EventCountry "CAN"]
[SourceTitle "EXT 2022"]
[Source "ChessBase"]
[SourceDate "2021.10.06"]
[SourceVersion "1"]
[SourceVersionDate "2021.10.06"]
[SourceQuality "1"]

1. e4 d6 2. d4 Nf6 3. Nc3 g6 4. Nf3 Bg4 5. Bc4 Bxf3 6. Qxf3 d5 7. Nxd5 Nxd5 8. Bxd5 e6 9. Bxb7 Qxd4 10. O-O Qb6 11. Bxa8 Bg7 12. Be3 Bd4 13. Bxd4 Qxd4 14. Rfd1 Qe5 15. Qa3 Nd7 16. Bc6 Rf8 17. Bxd7+ Kd8 18. Qxf8# 1-0

[Event "Montcalm op"]
[Site "Quebec CAN"]
[Date "2017.01.07"]
[Round "3"]
[White "Auger, Bertrand"]
[Black "Berube, Antoine"]
[Result "0-1"]
[WhiteElo "2019"]
[BlackElo "2153"]
[WhiteFideId "-1"]
[WhiteFideId "-1"]
[PlyCount "76"]
[GameId "2160767908475016"]
[EventDate "2017.01.06"]
[EventType "swiss"]
[EventRounds "5"]
[EventCountry "CAN"]
[SourceTitle "EXT 2022"]
[Source "ChessBase"]
[SourceDate "2021.10.06"]
[SourceVersion "1"]
[SourceVersionDate "2021.10.06"]
[SourceQuality "1"]

1. Nf3 d5 2. g3 c6 3. Bg2 Bg4 4. O-O Nd7 5. d4 e6 6. c4 Ngf6 7. Nc3 Be7 8. Qb3 Qb6 9. Qxb6 axb6 10. cxd5 exd5 11. Re1 O-O 12. h3 Bf5 13. g4 Bc2 14. Bf4 h6 15. Nd2 b5 16. Rec1 Bg6 17. Bg3 b4 18. Nd1 h5 19. Ne3 hxg4 20. hxg4 Rfe8 21. Bf3 Bf8 22. Nf5 Ra7 23. Nd6 Rea8 24. Nb3 Ne8 25. Nxe8 Rxe8 26. g5 Bf5 27. Nd2 Rea8 28. e4 dxe4 29. Nxe4 Rxa2 30. Rab1 Nb6 31. Re1 Nc4 32. Re2 b3 33. Kg2 Bb4 34. Rc1 Be6 35. Nc3 Rxb2 36. Rxb2 Nxb2 37. d5 cxd5 38. Nxd5 Nd3 0-1

[Event "Montcalm op"]
[Site "Quebec CAN"]
[Date "2017.01.07"]
[Round "3"]
[White "Bedard Roy, Brandon"]
[Black "Lacerte, Kevin"]
[Result "0-1"]
[WhiteElo "1287"]
[BlackElo "1560"]
[WhiteFideId "-1"]
[WhiteFideId "-1"]
[PlyCount "46"]
[GameId "2160767908475017"]
[EventDate "2017.01.06"]
[EventType "swiss"]
[EventRounds "5"]
[EventCountry "CAN"]
[SourceTitle "EXT 2022"]
[Source "ChessBase"]
[SourceDate "2021.10.06"]
[SourceVersion "1"]
[SourceVersionDate "2021.10.06"]
[SourceQuality "1"]

1. d4 f5 2. c4 e6 3. Nf3 Nf6 4. Nc3 b6 5. Bf4 Bb7 6. h3 Bb4 7. e3 O-O 8. Be2 Ne4 9. Qc2 d6 10. O-O Bxc3 11. bxc3 Nd7 12. Rad1 Qf6 13. Nd2 g5 14. Bh2 g4 15. hxg4 Nxd2 16. Rxd2 fxg4 17. Bxg4 Kh8 18. f4 Rg8 19. Bh3 Qh6 20. Kh1 Qxh3 21. Rg1 Nf6 22. e4 Nxe4 23. d5 Ng3# 0-1

[Event "Montcalm op"]
[Site "Quebec CAN"]
[Date "2017.01.07"]
[Round "3"]
[White "Chevalier, Francois"]
[Black "Doyon, Stephane"]
[Result "1/2-1/2"]
[WhiteElo "1754"]
[BlackElo "1934"]
[WhiteFideId "-1"]
[WhiteFideId "-1"]
[PlyCount "33"]
[GameId "2160767908475019"]
[EventDate "2017.01.06"]
[EventType "swiss"]
[EventRounds "5"]
[EventCountry "CAN"]
[SourceTitle "EXT 2022"]
[Source "ChessBase"]
[SourceDate "2021.10.06"]
[SourceVersion "1"]
[SourceVersionDate "2021.10.06"]
[SourceQuality "1"]

1. d4 d5 2. Bf4 Nf6 3. e3 c5 4. c3 e6 5. Nd2 Nc6 6. Bd3 Bd6 7. Bg3 O-O 8. Ngf3 Qe7 9. Ne5 Nd7 10. Nxd7 Bxd7 11. Bxd6 Qxd6 12. Nf3 f5 13. O-O Be8 14. Be2 Bh5 15. Nd2 Bxe2 16. Qxe2 Rf6 17. f4 1/2-1/2

[Event "Montcalm op"]
[Site "Quebec CAN"]
[Date "2017.01.07"]
[Round "3"]
[White "Chouinard, Marc"]
[Black "Bedard, Maxime"]
[Result "1-0"]
[WhiteElo "1610"]
[BlackElo "1721"]
[WhiteFideId "-1"]
[WhiteFideId "-1"]
[PlyCount "90"]
[GameId "2160767908475020"]
[EventDate "2017.01.06"]
[EventType "swiss"]
[EventRounds "5"]
[EventCountry "CAN"]
[SourceTitle "EXT 2022"]
[Source "ChessBase"]
[SourceDate "2021.10.06"]
[SourceVersion "1"]
[SourceVersionDate "2021.10.06"]
[SourceQuality "1"]

1. c4 c5 2. Nc3 Nc6 3. Nf3 Nf6 4. g3 g6 5. Bg2 Bg7 6. O-O O-O 7. Rb1 d5 8. cxd5 Nxd5 9. Nxd5 Qxd5 10. b3 b6 11. Nd4 Qxd4 12. Bxc6 Rb8 13. Bb2 Qd6 14. Bxg7 Kxg7 15. Bg2 Bb7 16. Qc2 Rfd8 17. Qc3+ Qf6 18. Rbd1 Bxg2 19. Kxg2 Rb7 20. Qxf6+ Kxf6 21. f4 Rbd7 22. d3 e5 23. fxe5+ Kxe5 24. Rf4 f5 25. Rdf1 Rd4 26. R1f3 Rxf4 27. Rxf4 Rd4 28. Rf1 f4 29. Rxf4 Rd7 30. Kf3 b5 31. Re4+ Kd5 32. e3 g5 33. Re8 Rf7+ 34. Ke2 c4 35. bxc4+ bxc4 36. Rd8+ Ke5 37. dxc4 Rb7 38. Rd5+ Ke4 39. Rd4+ Ke5 40. c5 Rb1 41. Rd1 Rb5 42. Rc1 Ke4 43. c6 Rb2+ 44. Kf1 Kf3 45. c7 Rxh2 1-0

[Event "Montcalm op"]
[Site "Quebec CAN"]
[Date "2017.01.07"]
[Round "3"]
[White "Cummins, Paul"]
[Black "Picard, Christian"]
[Result "0-1"]
[WhiteElo "1758"]
[BlackElo "1668"]
[WhiteFideId "-1"]
[WhiteFideId "-1"]
[PlyCount "61"]
[GameId "2160767908475021"]
[EventDate "2017.01.06"]
[EventType "swiss"]
[EventRounds "5"]
[EventCountry "CAN"]
[SourceTitle "EXT 2022"]
[Source "ChessBase"]
[SourceDate "2021.10.06"]
[SourceVersion "1"]
[SourceVersionDate "2021.10.06"]
[SourceQuality "1"]

1. Nf3 f5 2. b3 Nf6 3. Bb2 e6 4. e3 Be7 5. Be2 d6 6. d4 O-O 7. O-O Qe8 8. Nbd2 Nbd7 9. c4 a5 10. a4 Ne4 11. Bd3 d5 12. Ne5 Nxe5 13. dxe5 Bb4 14. Nf3 Qe7 15. Nd4 Qg5 16. f4 Qe7 17. Rf3 Qh4 18. Bxe4 dxe4 19. Rh3 Qe7 20. Qc2 Bd7 21. Rd1 Rad8 22. Ne2 Bc6 23. Nd4 Be8 24. Bc1 c5 25. Nb5 Rxd1+ 26. Qxd1 Bxb5 27. axb5 Rd8 28. Qh5 g6 29. Qe2 Qd7 30. Kf2 Qd1 31. Qf1 0-1

[Event "Montcalm op"]
[Site "Quebec CAN"]
[Date "2017.01.07"]
[Round "3"]
[White "Dube, Daniel"]
[Black "Sarra-Bournet, Marc"]
[Result "0-1"]
[WhiteElo "1782"]
[BlackElo "1853"]
[WhiteFideId "-1"]
[WhiteFideId "-1"]
[PlyCount "126"]
[GameId "2160767908475023"]
[EventDate "2017.01.06"]
[EventType "swiss"]
[EventRounds "5"]
[EventCountry "CAN"]
[SourceTitle "EXT 2022"]
[Source "ChessBase"]
[SourceDate "2021.10.06"]
[SourceVersion "1"]
[SourceVersionDate "2021.10.06"]
[SourceQuality "1"]

1. e4 e5 2. Nf3 Nc6 3. d4 exd4 4. Nxd4 Bc5 5. Be3 Qf6 6. Nb5 Bxe3 7. fxe3 Qd8 8. Qg4 g6 9. Qf4 d6 10. Bc4 Ne5 11. O-O Qe7 12. Bb3 a6 13. N5c3 Be6 14. Nd5 Qd7 15. Nxc7+ Qxc7 16. Bxe6 Qe7 17. Bb3 O-O-O 18. Nc3 Kb8 19. Bd5 g5 20. Qf2 h5 21. Rab1 Rh6 22. b4 Nf6 23. Bb3 Nfg4 24. Qe2 Nf6 25. Nd5 Nxd5 26. Bxd5 Rd7 27. b5 axb5 28. Qxb5 Rc7 29. c4 f6 30. h3 g4 31. h4 Rh7 32. Rf5 Nd3 33. Rbf1 Rh6 34. a4 Nc5 35. a5 Nxe4 36. a6 Nc3 37. a7+ Ka8 38. Qa5 Qxe3+ 39. Kh1 Nxd5 40. Rxd5 b6 41. Qa2 Qg3 42. Qf2 Qxf2 43. Rxf2 Rxc4 44. Rxd6 g3 45. Rf1 Rxh4+ 46. Kg1 Ra4 47. Rxb6 Kxa7 48. Rfb1 Rh7 49. Rxf6 h4 50. Rbf1 Re7 51. Rf7 Rae4 52. Rxe7+ Rxe7 53. Rb1 Re2 54. Kf1 Rf2+ 55. Kg1 Rc2 56. Kf1 Ka6 57. Rb4 Rc1+ 58. Ke2 h3 59. gxh3 g2 60. Rg4 g1=Q 61. Rxg1 Rxg1 62. Kf2 Rg8 63. h4 Rg4 0-1

[Event "Montcalm op"]
[Site "Quebec CAN"]
[Date "2017.01.07"]
[Round "3"]
[White "Forget, Luc"]
[Black "Lessard, Claude"]
[Result "1/2-1/2"]
[WhiteElo "2011"]
[BlackElo "2229"]
[WhiteFideId "-1"]
[WhiteFideId "-1"]
[PlyCount "143"]
[GameId "2160767908475024"]
[EventDate "2017.01.06"]
[EventType "swiss"]
[EventRounds "5"]
[EventCountry "CAN"]
[SourceTitle "EXT 2022"]
[Source "ChessBase"]
[SourceDate "2021.10.06"]
[SourceVersion "1"]
[SourceVersionDate "2021.10.06"]
[SourceQuality "1"]

1. d4 Nf6 2. Nf3 g6 3. c4 c5 4. d5 b5 5. cxb5 a6 6. bxa6 Bxa6 7. Nc3 Qa5 8. Nd2 Bg7 9. e4 Bxf1 10. Kxf1 d6 11. g3 Nbd7 12. Kg2 O-O 13. Re1 Qa6 14. a4 Ne5 15. Nb5 Rab8 16. Ra3 c4 17. h3 Rfc8 18. Rf1 Nd3 19. Qe2 Nh5 20. Nxc4 Rxc4 21. Qxd3 Rxa4 22. Rxa4 Qxa4 23. Nc3 Qb3 24. Re1 Rc8 25. Re2 Nf6 26. Be3 Nd7 27. Qb5 Qxb5 28. Nxb5 Rc4 29. f3 Rb4 30. Nc3 Ne5 31. Na2 Rb5 32. Rc2 f5 33. b4 Nd3 34. Bd2 fxe4 35. fxe4 Rb8 36. h4 h5 37. Kf1 Rf8+ 38. Ke2 Nf2 39. Rc4 Be5 40. Bf4 Bxf4 41. gxf4 Rxf4 42. b5 Ng4 43. b6 Rf2+ 44. Ke1 Rxa2 45. b7 Rb2 46. Rc8+ Kf7 47. b8=Q Rxb8 48. Rxb8 Kf6 49. Re8 Kf7 50. Ra8 Nf6 51. Ra4 Nd7 52. Ke2 Nc5 53. Rb4 Kf6 54. Ke3 g5 55. hxg5+ Kxg5 56. Kd4 h4 57. e5 h3 58. exd6 exd6 59. Rb8 Kg4 60. Rg8+ Kf3 61. Rf8+ Kg2 62. Rg8+ Kh1 63. Rg6 h2 64. Rxd6 Kg2 65. Rg6+ Kh1 66. d6 Nd7 67. Kd5 Nc5 68. Rh6 Nd7 69. Ke6 Nc5+ 70. Ke7 Kg2 71. Rg6+ Kf1 72. Rh6 1/2-1/2